Statistics for Supernatural Season 10 Quiz

Click here to take the quiz!

General Stats

  • This quiz has been taken 80 times
    (66 since last reset)
  • The average score is 17 of 31

Answer Stats

HintAnswer% Correct
What is Rowena's relation to Crowley?She is his mother
91%
Who is Claire Novak?Jimmy Novak's daughter
86%
Which one of the actors directed "Soul Survivor"?Jensen Ackles
84%
What is the name of the fiery ginger witch in "Girls, Girls, Girls"Rowena
80%
Which two female sheriffs are paired up in "Hibbing 911"?Jody Mills and Donna Hanscum
77%
Where does Charlie return from in "There's No Place Like Home"?Oz
77%
What does Dean kill Cain with in "The Executioner's Song"?The First Blade
75%
How old is the younger version of Dean in "About a Boy"?Fourteen
73%
Which horseman does Dean kill in "Brother's Keeper"?Death
70%
Who is Claire reunited with, if only for a little bit in "Angel Heart"?Her mom
68%
What does Sam continue to search for a cure for, despite Dean's protests?Mark of Cain
66%
Who does Sam work with to try and cure Dean in "The Werther Project"?Rowena
64%
How does Sam return Dean to his human state?Human blood injections
61%
Where do Sam and Dean find Charlie's corpse?In a bathtub
61%
Who comes to talk to Marie at the end of "Fan Fiction"?Chuck Shirley
59%
What number episode is "Fan Fiction"?200
57%
Whose phone do the boys get a message on?Bobby
57%
Finish the quote: "I think I just killed _____"Death
57%
Who decides to help Cas regain his grace?Hannah
57%
Who removes the Mark of Cain from Dean?Rowena
57%
Finish the quote: "You cant spell subtext without _____"S-E-X
57%
What ancient text do Charlie, Sam, and Dean scour for a cure for the Mark of Cain?The Book of the Damned
48%
The witch Crowley captures in "Paint it Black" is the leader of what group?The Grand Coven
41%
What song does Demon!Dean sing in "Black"?I'm Too Sexy
39%
What is the name of the werewolf in "Paper Moon"?Kate
34%
Finish the quote: "I'm extremely old, I think I'm ________"Entitled
25%
Who does Dean meet with in "Inside Man"?Rowena
25%
Who killed Charlie?The Stynes
18%
What is the ghost in "Halt and Catch Fire" killing people through?Electronics
16%
Finish the quote: "We have your grace, Metatron. You're mortal now. So you will answer our questions, or Sam will, um... What's the phrase? Blow your _______________"Friggin brains out
9%
Finish the quote: "Look we all know what's going on here... ______"Aliens
7%

Score Distribution

Percentile by Number Answered

Percent of People with Each Score

Your Score History

You have not taken this quiz since the last reset